000 00420nam a2200157Ia 4500
008 160316s1992 xxu||||| |||| 00| 0 eng d
082 _a340.092000
_bMOR
100 _aMorison John
245 _aThe Barrister's world and the nature of law
250 _a
260 _aNew Delhi
_bAditya Book Pvt. Ltd.
_c1992
300 _a216p
_b20 cm
_cviii
365 _bRs.250/-
650 _a1.Biographies
700 _aPhilip Leith
_a
999 _c5089
_d5089